[Event "Chelyabinsk variation - 5"]
[Site "Horgen SUI"]
[Date "1994.??.??"]
[Round "5"]
[White "Kasparov, Garry"]
[Black "Shirov, Alexei"]
[Result "1-0"]
[WhiteElo "2805"]
[BlackElo "2740"]
[EventDate "1994.09.??"]
[Annotator "Horvath,Ta"]

1. e4 c5 2. Nf3 e6 3. d4 cxd4 4. Nxd4 Nf6 5. Nc3 Nc6 6. Ndb5 d6 7. Bf4 e5 
8. Bg5 a6 9. Na3 b5 10. Nd5 Be7 11. Bxf6 Bxf6 12. c3 Bb7 ( 12. ... O-O 13.
 Nc2 Rb8 14. h4 Ne7 15. Nxf6+ gxf6 16. Qd2 â†’ {
Kasparov,G-Kramnik,V/Novgorod/ 1994/1-0/ CBM 43} ) 13. Nc2 Nb8 14. a4 bxa4
15. Rxa4 ( 15. Nce3 {Ftacnik} 15. ... Nd7 16. Qxa4 O-O 17. Rd1 ( 17. Bc4 
Bg5 18. O-O Bxe3 19. fxe3 Nc5 20. Qc2 Qh4 21. Bd3 f5 -/+ {
Hoepfl,T-Ankerst,Mil/Dortmund op/1992/0-1 (32)} ) 17. ... Bg5 18. Qc2 Nc5 
19. Nf5! g6 20. b4! Bxd5 21. Rxd5 Nb7 22. h4 Bf6 23. Nh6+ Kg7 24. Ng4 {
Zapata, A-Shirov,A/Manila/1992/0-1 (47)} ) 15. ... Nd7 ( 15. ... O-O!? 16.
 Nce3 ( 16. b4 Nd7 17. Nce3 Bg5 ~ ) 16. ... Nd7 17. Nc4 ( 17. Ra3 {Ftacnik
} 17. ... Bg5 18. Nc4 Bxd5 19. Qxd5 Be7 20. Bd3 Nf6 {
0-1/Tatai,S-Iruzubieta,J/Cannes op/0-1 (20)} ) 17. ... Bc6! ( 17. ... Bxd5
18. Qxd5 Nb6 19. Nxb6 Qxb6 20. Rb4 Qc5 21. Bc4 += ) 18. Ra2 Nc5 ~ ) 16. 
Rb4! { An introduction to an effective idea that has made Black lose 
interest in employing this variation for a long time } ( {After a 
natural-looking move} 16. Nce3 O-O 17. b4 Bg5 { Black has no problems)} ) 
16. ... Nc5?! ( 16. ... Bc6?! { White's hunt for his rival's light-squared
bishop is successful } 17. Rc4! Rc8 ( 17. ... Bxd5 18. Qxd5 O-O ( 18. ... 
Nb6 19. Qc6+ Ke7 20. Rb4 +/- ) 19. Rc6 +/- ) 18. Ncb4 +/- ) ( {In 
G.Kasparov's opinion, worth attention is} 16. ... Rb8!? ) 17. Rxb7! {A 
thematic sactifice of an exchange that allows White to obtain undivided 
domination over light squares } 17. ... Nxb7 18. b4! { Only this move 
reveals the subtlety of the positional exchange sacrifice undertaken by 
White. An important detail of the position is that it is impossible for 
Black to bring his e7-knight into play } 18. ... Bg5 ( 18. ... Qc8 19. 
Nce3 Bd8 20. Bc4 O-O 21. Qd3 a5 22. O-O Kh8 += ) ( 18. ... O-O {Ftacnik} 
19. Nce3 ( 19. h4 a5 20. Bc4 =/& ) ) 19. Na3! O-O 20. Nc4 a5 ( 20. ... f5 
21. Bd3 f4 22. Qg4 +/- ) 21. Bd3! {Of course, white b4-pawn should be at 
its post to the last } ( 21. Ncb6 {Ftacnik} 21. ... Ra7 ~ ( 21. ... axb4 
22. Nxa8 bxc3!? 23. Nab6 Bd2+ 24. Ke2 Nc5 25. f3 f5 26. exf5 e4 â†’ ) ) 
21. ... axb4 22. cxb4 Qb8 { Threatening with the Nb7-d8-e6 maneuver } ( 
22. ... Rb8!? {Ftacnik} 23. h4 Bh6 24. Qg4 Kh8 25. O-O Qc8 ) ( {Activation
of the rook does not save the day for Black } 22. ... Ra2?! 23. O-O Qa8 
24. Ncb6 Qa3 25. Bc4 Rd2 26. Qg4 +/- ) 23. h4! ( 23. O-O? Nd8! 24. Ncb6 
Ra7 =+ ) 23. ... Bh6 ( 23. ... Bd8!? {/\ Bc7,Nd8,Ne6} ) ( {(It turns out 
that after} 23. ... Bd8 {Ftacnik} 24. g3 =/& Qa7 25. O-O Qd4 26. Qb3 +/- {
black minor pieces still have no room to move around} ) 24. Ncb6 Ra2 25. 
O-O ( 25. Nd7?! {Ftacnik} 25. ... Qa7 26. O-O Ra8! ) 25. ... Rd2 ( 25. ...
 Qa7 {Ftacnik} 26. Bc4 Rd2 27. Qf3 Nd8 ) 26. Qf3 Qa7 ( 26. ... Qe8 {
Ftacnik} 27. g4 ( 27. Ba6? Nd8 28. Nc4 Rd4 29. Nxd6 Qe6 30. Nf5 Qxa6 31. 
Nxd4 exd4 -+ ) ( 27. Nc7 Qe7 28. Nbd5 Qxh4 -/+ ) 27. ... Bf4 28. Nxf4 exf4
29. Nd5 Nd8 30. Nxf4 = ) 27. Nd7 ( {As G.Kasparov points out, the most 
precise way to develop white initiative is} 27. Bb5! Nd8 28. Nd7 Ne6 29. 
Ne7+! ( 29. Nxf8 Kxf8 30. Rc1 Qb8 31. Qc3 g6 = ) 29. ... Kh8 30. Nxf8 Qxe7
31. Nxe6 Qxe6 ( 31. ... fxe6? 32. Rc1! ( 32. Ra1 g6 33. Ra8+ Kg7 34. Qa3 
Qxh4 35. Qa7+ Kf6 36. Re8 Rd1+ 37. Bf1 Kg5 ) 32. ... Qd8 33. Rc6 +/- ) 32.
 Bc6 += ) 27. ... Nd8? ( 27. ... Rd8? 28. Ne7+ Kh8 29. Qxf7 Rxd3 ( 29. ...
 g6 30. Nf6 Bg7 31. Ne8 +- ) 30. Nf8 +- ) ( 27. ... Qa3 28. Ne7+ Kh8 29. 
Nxf8 Rxd3 30. Qxf7 Qb3 31. Ne6 +- ) ( 27. ... Ra8! {Ftacnik} 28. N7b6! ( 
28. Bc4 Nd8 29. N5b6 â†‘ ) ( 28. Ne7+ Kh8 29. Qxf7 Rxd3 30. Nf8 Qa2! ) 
28. ... Rf8 ( 28. ... Rd8?! 29. Bb5 ) ( 28. ... Rb8?! 29. Nc4! Nd8 ( 
29. ... Ra2? 30. Ne7+ Kf8 31. Nc6 Qa8 32. Nb6 +- ) 30. Nxd2 Bxd2 31. b5 
+/- ) 29. Bb5! {makes White turn back to the variation shown in the 
comment to the move 27. Bb5} ) ( 27. ... Nc5? {Ftacnik} 28. Nxf8 Nxd3 29. 
Qf5! g6 30. Qd7 Qxd7 ( 30. ... Qb8 31. Nxh7 â†’ ) 31. Nxd7 +/- ) 28. Nxf8 
Kxf8 29. b5! { Now there is a material equality on the board, but Black's 
positional advantage is great } 29. ... Qa3 ( 29. ... Ne6 30. b6 Qa3 31. 
b7 Qb3 ( 31. ... Rb2 32. Bb5! Qa7 33. Qc3 +- ) 32. Rb1 Rb2 33. Rxb2 Qxb2 
34. Ba6 Nc5 ( 34. ... Nd4 35. Qc3 +- ) 35. Qf5 +- ) ( {more stubborn is} 
29. ... Qd4! 30. Rd1 ( 30. Qf5 Ke8 ) 30. ... Rxd1+ 31. Qxd1 Ne6 32. b6 Nc5
33. Bc2 Qxd1+ 34. Bxd1 Ke8 { and then, according to G.Kasparov's analysis,
White wins this ending in an instructive way } 35. Bg4 Nd7 ( 35. ... Kd8 
36. Nb4! +- ) 36. b7 Nb8 37. Be2 Kd8 38. Bb5 Bc1 39. h5 Ba3 40. Kh2 Bc5 
41. Kg3 Ba7 42. f3 Nd7 43. Bxd7 Kxd7 44. h6! gxh6 45. Kg4 Kc6 46. Kh5 Kxb7
47. Kxh6 Kc6 48. Kg7! Kc5 ( 48. ... f5 49. exf5 ) 49. Kxf7 Kd4 50. Kg7 Kd3
51. Kxh7 Ke2 52. Kg6 Kf2 53. g4 Kxf3 54. Kf5 +- ) 30. Qf5! Ke8 ( 30. ... 
Rxd3 {Ftacnik} 31. Qd7 +- g6 ( 31. ... Ne6 32. Qc8+ ) 32. Qxd8+ Kg7 33. b6
+- ) ( 30. ... Ne6 {Ftacnik} 31. Qxh7 +- ) 31. Bc4 Rc2 ( 31. ... Qa4 32. 
Nc7+ Ke7 33. Qc8! Rc2 34. Bxf7! Nxf7 35. Nd5# ) ( 31. ... Qc5 32. Qxh7! 
Kd7 33. Qf5+ Ke8 34. Bb3 Rb2 35. Bd1 +- ) 32. Qxh7! Rxc4 ( 32. ... Qc5 {
Ftacnik} 33. Bb3 Rb2 34. Qg8+ Kd7 35. Bd1 +- ) 33. Qg8+ Kd7 34. Nb6+ Ke7 
35. Nxc4 Qc5 ( 35. ... Qb4 {Ftacnik} 36. Nb6 Qxb5 37. Nd5+ Kd7 38. Ra1 +- 
) 36. Ra1! Qd4 ( 36. ... Qxc4 {Ftacnik} 37. Ra7+ Ke6 38. Qe8+ Kf6 39. 
Qxd8+ Kg6 40. Qxd6+ f6 41. Qc6 +- ) 37. Ra3 Bc1 38. Ne3 ( 38. Ne3 {Ftacnik
} 38. ... Bxa3 39. Nf5+ +- ) 1-0

[Event "Chelyabinsk variation - 1"]
[Site "Amsterdam NED"]
[Date "1980.??.??"]
[Round "1"]
[White "Karpov, Anatoly"]
[Black "Dolmatov, Sergey"]
[Result "1-0"]
[WhiteElo "2725"]
[BlackElo "2535"]
[EventDate "1980.06.??"]

1. e4 c5 2. Nf3 Nc6 3. d4 cxd4 4. Nxd4 Nf6 5. Nc3 e5 6. Ndb5 d6 7. Bg5 a6 
8. Na3 b5 9. Nd5 Be7 { After this move the game follows the main line of 
the variation } 10. Bxf6 ( 10. Nxe7 Qxe7 11. c4 O-O 12. cxb5 Nd4 13. Bd3 
axb5 14. Nxb5 Nxb5 15. Bxf6 Qxf6 16. Bxb5 Bb7 17. O-O Bxe4 18. a4 Rac8 19.
 b4 Qg5 20. g3 Ba8 21. Be2 d5 22. b5 d4 23. a5 Rc3 24. Bd3 h5 25. Rc1 e4 
26. Rxc3 dxc3 27. Be2 e3 28. Qd3 exf2+ 29. Rxf2 Rc8 30. Qd7 {1/2-1/2 
Morcin, Tom (1954) - Vesely, Emanuel (1851) / RB-2012-0-00172 (-), 
ICCF2012_cor18 2012} ) 10. ... Bxf6 11. c3 { Having achieved the exchange 
of the black f6-knight, White takes hold of the important d5-square. Now 
his top priority task is to improve the a3-knight position } 11. ... O-O 
12. Nc2 Rb8 {The choice of this move can be explained by a desire to 
counteract the ramming a2-a4 advance } 13. Be2 Bg5 14. O-O Be6 15. Qd3 {A 
fine square for the queen. Either of two white rooks is ready to go to d1,
and the queen can be transferred to g3, disturbing the opponent on the 
K-side } 15. ... Qd7 ( 15. ... Ne7 16. Ncb4 += ) 16. Qg3 f6? { An 
unfortunate decision. The f7-f6 advance leads to weakening of light 
squares in the Black camp and to exclusion of the g5-bishop from play } ( 
{More flexible appears the retreat} 16. ... Bd8 { with a prospect of 
d8-bishop entering the game via the b6-square} ) 17. Rfd1 a5 18. Na3! { 
Black has deprived the c2-knight of a transit b4-square, but it finds a 
chance to enter the game in another way } 18. ... Na7 ( 18. ... b4 19. Nb5
+/- ) 19. h3! { A standard tactical method associated with preparing the 
exchange of the light-squared bishops on g4-square } 19. ... Kh8 ( 19. ...
 b4 20. Nc4 bxc3 21. bxc3 Nc6 +/- ) 20. Bg4 Rfc8 21. Bxe6 {Stressing the 
fact that black e6-bishop is now deprived of the f7-pawn's support } 
21. ... Qxe6 22. Qd3 {White advantage is clear now. He has crucial 
d5-square securely in his possession, and Black is left with a bad bishop 
} 22. ... Rc5 23. Nc2 g6 24. b4! { White begins active operations on the 
Q-side in order to open up the files for his major pieces on this area of 
the board and to join their efforts with the ones of the powerful 
centralized d5-knight } 24. ... axb4 25. Ncxb4 Rb7 26. a4 bxa4 27. Rxa4 f5
28. Ra6 Nc8 29. Ra8 Kg7 30. Qe2 fxe4 31. Qxe4 Qf5 32. Qe2 Rf7 33. c4 Bh4 
34. Rf1 Ne7 35. Ra6 Qd7 36. Qe4 Nxd5 37. Nxd5 Be7 38. Rfa1 Bf8 39. Qe2 Rc6
40. R6a3! {A nice transfer of the rook to f3 that allows to provoke the 
f7-rook exchange and to weaken the black rear even more } 40. ... Rc5 41. 
Rf3 Rxf3 42. Qxf3 Qf7 ( 42. ... Rxc4? 43. Qf6+ Kg8 44. Ra8 Rc8 45. Nb6 +- 
) 43. Qg4 h5 44. Qe4 Rc8 45. Ra3 Qf5 46. Ra7+ Kh6 47. Qe3+ g5 48. Qe2 Rb8 
49. g4 hxg4 50. hxg4 Qb1+ 51. Kg2 Rb7 52. Rxb7 Qxb7 53. Qf3 Qc8 54. Qf6+ 
Kh7 55. Qf7+ 1-0

[Event "Chelyabinsk variation - 2"]
[Site "Biel SUI"]
[Date "1993.??.??"]
[Round "2"]
[White "Kamsky, Gata"]
[Black "Lputian, Smbat G"]
[Result "1-0"]
[WhiteElo "2645"]
[BlackElo "2565"]
[EventDate "1993.07.??"]
[Annotator "Horvath,Ta"]

1. e4 c5 2. Nf3 Nc6 3. d4 cxd4 4. Nxd4 e5 5. Nb5 d6 6. N1c3 a6 7. Na3 b5 
8. Nd5 Nf6 9. Bg5 Be7 10. Bxf6 Bxf6 11. c3 O-O ( 11. ... Bb7 ) 12. Nc2 Rb8
13. Be2 Bg5 14. O-O a5 15. Nce3 { Having lost the opportunity to maneuver 
via the b4-square, White knight moves to e3, content to be exchanged for 
the opponent's dark-squared bishop } 15. ... Be6 16. Qd3 Bxe3!? ( 16. ... 
Ne7 ) 17. Nxe3 += {Black has managed to exchange his inactive bishop, but 
due to chronic vulnerability of his d6-pawn White still has a small 
advantage } 17. ... Qd7 18. h3 { A typical tactical method. Preparing 
bishop lunge to g4, White maintains the tension around the key d5-square }
18. ... Rfd8 19. Bg4 Ne7 20. Rfd1 { White king rook takes an aim at 
weaknesses along the d-file, and the queen one can support the ramming 
advance a2-a4 } 20. ... Rbc8?! { Inattention to opponent's potential 
threats costs Black a pretty penny. A rough equality is maintained after 
an accurate move } ( 20. ... Qc7 21. Bxe6 fxe6 22. a4 b4 ( 22. ... bxa4 
23. Qc4!? Qxc4 24. Nxc4 d5 25. exd5 exd5 26. Nxe5 Rxb2 27. Rxa4 += ) 23. 
c4 Qc5 24. Rd2 Nc6 = ) 21. Bxe6 fxe6 22. a4! { Demolishing the opponent's 
queenside White obtains an obvious advantage } 22. ... bxa4 ( 22. ... b4 
23. cxb4 axb4 24. Nc4 +/- ) 23. Qc2!? Rb8? ( 23. ... Qb5 24. Rd2 d5 25. 
Qxa4 Qxa4 26. Rxa4 Rc5 += ) 24. Nc4 +/- Qb5 25. Qxa4 {><d6, a5, e5} 
25. ... Nc6 26. Rd2! {An important prophylactic move that serves to 
prepare an attack against weak a5- and d6-pawns } ( 26. Nxd6 Qxa4 27. Rxa4
Rxb2 = ) ( 26. Qa2!? d5 27. exd5 exd5 28. Nxa5 Nxa5 29. Qxa5 Qxb2 30. Rxd5
Qxa1+ 31. Qxa1 Rxd5 = ) 26. ... Rd7 ( 26. ... d5? 27. Nxa5 ) ( 26. ... Qc5
!? 27. Nxa5 Ra8 28. b4! Qxc3 29. Rc2 {/\ Rc6+-} ) 27. Qxb5 Rxb5 28. Nxd6 
+- Rb8 29. Rad1 {White now has both positional and material advantage that
he successfully converts into a win } 29. ... Kf8 30. Nc4 Rxd2 31. Rxd2 
Ke7 32. h4!? ( 32. Kf1 âŒ“ {/\} 32. ... Rb5 33. Ke2 Rc5 34. Kd3 {/\ Rd1-a1
} ) 32. ... Rb5 33. Kf1 Rc5 34. Nb6?! Nb8 35. f3 Rc6 36. Na4 Nd7 37. Ke2 
Nf6 38. b3 Ne8 39. c4 Nc7 40. Kd3?! ( 40. Ra2! âŒ“ Na6 41. Nb2 Rb6 42. 
Rxa5 Rxb3 43. Nd3 Nb4 44. Nxe5 +- ) 40. ... Na6 41. Kc3 {/\ 41...Nc7? 
42.c5 /\ Kc4+-} 41. ... Rc7 42. Nb2 Nb4 43. Nd3 Nc6 44. Ra2 ( 44. g3!? {/\
f4 ><e5, d4} ) 44. ... h6! â‡„â‡„ 45. Ra4 g5 46. hxg5 hxg5 47. c5 +/- g4 
â–¡ 48. fxg4! Kf6 49. b4!? axb4+ ( 49. ... Nxb4!? 50. Rxa5 â–¡ ( 50. Nxb4
?? Rxc5+ = ) 50. ... Nc6 51. Ra6 +/- ) 50. Nxb4 Na7 51. Nd3 +- Nc8 52. Ra6
Rg7 53. Ra8 Rc7 54. Kb4 Kg5 55. Nxe5 Kf4 56. Nc4! Kxg4 57. Nd6 Ne7 58. Kb5
Kf4 59. Ra6 e5? ( 59. ... Ke5 ) 60. Ra3! Ng6 61. Kb6 1-0

[Event "Chelyabinsk variation - 2"]
[Site "Bankia"]
[Date "1992.??.??"]
[Round "2"]
[White "Georgiev, Kiril"]
[Black "Spasov, Vasil"]
[Result "0-1"]
[WhiteElo "2605"]
[BlackElo "2550"]
[EventDate "1992.??.??"]

1. e4 c5 2. Nf3 Nc6 3. d4 cxd4 4. Nxd4 Nf6 5. Nc3 e5 6. Ndb5 d6 7. Bg5 a6 
8. Na3 b5 9. Nd5 Be7 10. Bxf6 Bxf6 11. c3 O-O 12. Nc2 Rb8 13. Be2 Bg5 14. 
O-O a5 15. Qd3 Ne7 16. Nce3 Be6!? {An interesting interpretation of the 
position. Black rejects the exchange of his "bad" dark-squared bishop 
hoping that in the following play the weaknesses on d5 and d6 could be 
compensated by potential energy of the bishops pair } 17. Rfd1 Nxd5 18. 
Nxd5 Qd7 {On the threshold of Â£d3-g3 maneuver Black prepares the retreat 
of g5-bishop on the "staging post" square d8} 19. Qg3 ( {An immediate 
white activity on the Q-side} 19. b4 { is parried by way of} 19. ... axb4 
20. cxb4 Rfc8 21. a4 bxa4 22. b5 Rc5! 23. Rxa4 Bxd5 24. exd5 Bd8 = ) 
19. ... Bd8 20. b3! { Preparing the c3-pawn's ramming advance } 20. ... 
Kh8 {Necessary arrangements for counterplay with g7-g6 and f7-f5 that is 
standard in such situations } ( 20. ... Rc8 21. Qd3! += ) 21. c4 bxc4 ( 
21. ... b4? 22. c5! dxc5 23. Nxb4 +/- ) 22. Bxc4 g6 { White has achieved 
domination over light squares in the center of the board, but his 
opponent's possible counterplay associated with f7-f5 advance leaves the 
position unclear } 23. f4!? ( {Probably it is reasonable to give to f7-f5 
advance a following kind of reception: } 23. Ne3!? f5 24. Bxe6 Qxe6 25. 
exf5 gxf5 26. Nc4 Bc7 27. Qd3 += ) 23. ... exf4 24. Qxf4 f5 25. Kh1 ( {(It
turns out that after opening of the game by way of } 25. exf5 {Black has 
time to consolidate his position by means of the maneuver } 25. ... Rxf5 
26. Qd4+ Re5! ) 25. ... g5! 26. Qf2 f4 {Now the far-advanced f-pawn gives 
Black real chances for counterplay } 27. e5! Bg4 ( 27. ... dxe5? 28. Qc5 
Qf7 29. Qd6 +/- ) 28. Re1 ( 28. Be2 Bxe2 29. Qxe2 Re8 -/+ ) 28. ... dxe5 
29. Rxe5 f3 30. g3 Qg7 31. Rae1 Bd7! {An elegant transfer of the 
light-squared bishop to c6 allows Black to struggle against his opponent's
piece grouping in the center} 32. a4!? Bc6 33. Re6 Rc8 34. Ba6 Bxd5 35. 
Bxc8 Bxe6 36. Bxe6 Qb7 { Most of the active white pieces are exchanged. 
Now black chances are more preferable due to his strong f3-pawn } 37. Bc4 
Bf6 ( 37. ... Bb6?? 38. Qb2+ ) 38. h3 Qd7 39. Be6 Qd3 40. Bc4 Bd4 41. Qf1 
Qc2 42. Re7 Bg7 43. Rf7? {Agreeing to exchange his active rook White 
deprives himself of counterplay. Now the activity of black pieces in 
combination with bishops of opposite color becomes a decisive factor } ( 
43. g4 += ) 43. ... Rxf7 44. Bxf7 Bd4 -/+ 45. Bd5 ( 45. Qxf3?? Qc1+ 46. 
Kg2 Qg1# ) ( 45. g4 Kg7 46. Bd5 Qe2 47. Bc4 Qe4 48. Bd3 Qe3 49. Bc4 Kh6! 
50. Bd5 Qe2 51. Bc4 Qe4 52. Bd3 Qe3 53. Bc4 Be5 54. Bd5?? ( 54. Bb5 Qd2 
55. Qg1 Bd6 -/+ ) 54. ... Qe2 {zaver partie v   ChessOK} ) 45. ... Qe2 46.
 Bc4 Qe3 47. g4 Kg7 48. Bd5 Qe2 49. Bc4 Qe4 50. Bd3 Qe3 51. Bc4 Kh6 52. 
Bd5 Qe2 53. Bc4 Qe4 54. Bd3 Qe3 55. Bc4 Be5 56. Bd5 Qe2 0-1

[Event "Chelyabinsk variation - 2"]
[Site "Moscow RUS"]
[Date "1981.??.??"]
[Round "2"]
[White "Suetin, Alexey S"]
[Black "Andrianov, Nikolai"]
[Result "0-1"]
[WhiteElo "2460"]
[BlackElo "2355"]
[EventDate "1981.??.??"]

1. e4 c5 2. Nf3 e6 3. d4 cxd4 4. Nxd4 Nf6 5. Nc3 Nc6 6. Ndb5 d6 7. Bf4 e5 
8. Bg5 a6 9. Na3 b5 10. Nd5 Be7 11. Bxf6 Bxf6 12. c3 O-O 13. Nc2 Rb8 14. 
Be2 Bg5 15. O-O a5 16. b4!? {An intricate continuation. Creating pawn 
tension on the queenside White wants to reduce the efficiency of Â¤c6-e7 
maneuver } 16. ... Ne7 17. Nxe7+ Bxe7 {Black has to capture on e7 with his
bishop, and the c2-knight manages to make it to d5 in time } ( 17. ... 
Qxe7 18. bxa5 ) 18. Ne3 Be6 19. Nd5 ( 19. a4 axb4 20. cxb4 bxa4 21. Qxa4 (
21. Rxa4 Qd7 ) 21. ... Bg5 = ) 19. ... axb4 20. cxb4 Qd7! {Black is in no 
hurry with an exchange on d5, putting it off as far as possible until the 
time when White is unable to take with his piece } 21. Qd3 Bd8! {A 
transfer of the bishop via d8 to b6 that is typical for such positions } 
22. Kh1 { White prepares the f2-f4 advance, which is familiar to us from 
the previous game } ( {N.Andrianov indicates the opportunity of } 22. Nc3
!? Bc4 23. Qd2 Bb6 24. Bxc4 bxc4 25. Nd5 Bd4 26. Rac1 Rfc8 { that leads to
a complicated game)} ) ( {In our opinion the maneuver } 22. Bd1!? { is 
also worth attention} 22. ... Bb6 23. Bb3 ) 22. ... Bb6 23. Rac1 ( 23. 
Qxb5? Qxb5 24. Bxb5 Bxd5 25. exd5 Bd4 -/+ ) 23. ... Bd4! { Preparing the 
exchange on d5 in circumstances most favorable for Black } 24. f4 Bxd5 ( 
24. ... f5?! 25. fxe5! dxe5 26. Rc7 Qd8 27. Qg3 ) 25. exd5 f5 =+ {Now the 
middle game with "opposite colors" turns out to be advantageous for Black 
due to active position of the d4-bishop } 26. Rc6 Qe7 27. Bd1 Qf6 28. fxe5
Bxe5 29. Qh3?! ( {(In N.Andrianov's opinion, more precise is} 29. g3 {
getting ready to check his opponent's growing pressure on the K-side} ) 
29. ... Rb7! { The most effective method of concentrating major pieces on 
the kingside } ( {Less accurate is} 29. ... Qg5 30. Bc2 Rf6? 31. Bxf5! Rh6
32. Rc8+! Rxc8 33. Bxc8 ) 30. Bb3 Qg5 31. Rc2 Rbf7 32. Rcf2 Rf6 33. Qd3 
Rh6! { Black threats on the K-side increase, he practically attacks having
an extra piece, as white bishop does not take any part in the game } ( 
33. ... Qh4 34. g3 Qxb4 35. Rxf5 = ) 34. h3 g6 35. Rf3 Rh4 36. Qxb5 Rd4 ( 
{As N.Andrianov points out, still more energetic is } 36. ... Rc8 {with an
idea of Rc8-c1)} ) 37. Rd1 Rxd1+ 38. Bxd1 Rc8 39. Qe2 Rc1 40. b5 Rb1 ( 
40. ... Qh4! ) 41. a4? ( 41. Rb3! =+ ) 41. ... Qh4! 42. Qd3 ( 42. Rb3? 
Rxb3 43. Bxb3 Qg3 ) 42. ... Rc1! 43. Qf1 ( 43. Rf1? Rc3 44. Qe2 Qg3 -+ ) (
43. Qd2 Ra1 -/+ ) ( 43. b6!? -/+ ) 43. ... Qd4 44. Rd3 Qxa4 45. b6 Qb5 46.
 Rf3 Qxb6 -+ {Black is a pawn up and has a great positional advantage } 
47. Qd3 Qb4 48. Rf1 Kg7 49. Qe3 Rc3 50. Qa7+ Kh6 51. Qf7 Qe4 52. Kg1 ( 52.
 Bf3 Rxf3! ) 52. ... Rg3 53. Bf3 Qe3+ 54. Kh1 Rxf3! 55. gxf3 Qe2 0-1